Statistics for B Vocabulary Words Quiz #2

Click here to take the quiz!

General Stats

  • This quiz has been taken 41,627 times
    (31,052 since last reset)
  • The average score is 13 of 20

Answer Stats

Definition Word % Correct
Unmarried manBachelor
92%
Long, narrow French breadBaguette
89%
American buffaloBison
86%
Instrument for measuring
atmospheric pressure
Barometer
86%
Miniaturized Japanese plantBonsai
85%
Online journalBlog
84%
Study of plantsBotany
82%
Slow, romantic songBallad
79%
Pertaining to cattleBovine
77%
Staircase handrailBanister
70%
The crime of striking another personBattery
69%
Wailing Irish spiritBanshee
64%
Security officer in a court of lawBailiff
59%
Turkish filo pastry, seasoned with honeyBaklava
56%
Sand-filled golf obstacleBunker
55%
Stock market pessimistBear
53%
Thick Irish accentBrogue
43%
Relating to conventional, middle class,
materialistic attitudes
Bourgeois
40%
Type of New York City rowhouseBrownstone
32%
Drunken feast or orgyBacchanalia
23%

Score Distribution

Percentile by Number Answered

Percent of People with Each Score

Your Score History

You have not taken this quiz since the last reset